Carbon sequestration in dryland soils

সংরক্ষণ করুন:
গ্রন্থ-পঞ্জীর বিবরন
বিন্যাস: গ্রন্থ
ভাষা:Undetermined
প্রকাশিত: Rome FAO 2004
বিষয়গুলি:
ট্যাগগুলো: ট্যাগ যুক্ত করুন
কোনো ট্যাগ নেই, প্রথমজন হিসাবে ট্যাগ করুন!
Thư viện lưu trữ: Trung tâm Học liệu Trường Đại học Cần Thơ
LEADER 00402nam a2200157Ia 4500
001 CTU_93098
008 210402s9999 xx 000 0 und d
082 |a 631 
082 |b C264 
245 0 |a Carbon sequestration in dryland soils 
260 |a Rome 
260 |b FAO 
260 |c 2004 
650 |a Soil science 
904 |i Mai Loan, QHieu 
980 |a Trung tâm Học liệu Trường Đại học Cần Thơ